[Event "European Blitz 2022"]
[Site "Katowice POL"]
[Date "2022.12.16"]
[Round "13.25"]
[White "Barski, Radoslaw"]
[Black "Kosakowski, Jakub"]
[Result "0-1"]
[WhiteTitle "IM"]
[BlackTitle "IM"]
[WhiteElo "2441"]
[BlackElo "2475"]
[WhiteFideId "1131710"]
[BlackFideId "1185080"]
[EventDate "2022.12.16"]

1. e4 c6 2. Nc3 d5 3. Nf3 dxe4 4. Nxe4 Nf6 5. Qe2 Nxe4 6. Qxe4 Be6 7. Bd3 Nd7 8.
Qe3 Bd5 9. b3 Bxf3 10. gxf3 e6 11. Bb2 Qa5 12. Rg1 Nf6 13. Rg5 Nd5 14. Qe4 h6
15. Rg1 O-O-O 16. a3 Nf6 17. Qe2 Nh5 18. Qe3 Bc5 19. Qe4 Qb6 20. Rf1 Bd4 21.
O-O-O Bxb2+ 22. Kxb2 Qc7 23. Qh4 Nf4 0-1

[Event "European Blitz 2022"]
[Site "Katowice POL"]
[Date "2022.12.16"]
[Round "13.26"]
[White "Walter, Szymon"]
[Black "Kosteniuk, Alexandra"]
[Result "0-1"]
[WhiteTitle "FM"]
[BlackTitle "GM"]
[WhiteElo "2327"]
[BlackElo "2520"]
[WhiteFideId "1172590"]
[BlackFideId "4128125"]
[EventDate "2022.12.16"]

1. e4 c6 2. d4 d5 3. f3 g6 4. Nc3 Bg7 5. Be3 Nf6 6. e5 Nfd7 7. Qd2 h6 8. O-O-O
b5 9. f4 Nb6 10. b3 b4 11. Nb1 a5 12. Bd3 Bg4 13. Ne2 e6 14. h3 Bxe2 15. Bxe2
N8d7 16. g4 Qc7 17. f5 c5 18. fxg6 fxg6 19. Bd3 O-O-O 20. Bxg6 cxd4 21. Bxd4
Nxe5 22. Bxe5 Qxe5 23. Qd3 Kb7 24. Rhf1 Rd7 25. Rde1 Qb2+ 26. Kd2 e5 27. Bf5 Rc7
28. Rd1 e4 29. Bxe4 dxe4 30. Qxe4+ Ka7 31. Rf3 Rhc8 32. Rc1 Rd8+ 0-1

[Event "European Blitz 2022"]
[Site "Katowice POL"]
[Date "2022.12.16"]
[Round "13.27"]
[White "Vega Gutierrez, Sabrina"]
[Black "Sebenik, Matej"]
[Result "0-1"]
[WhiteTitle "IM"]
[BlackTitle "GM"]
[WhiteElo "2361"]
[BlackElo "2538"]
[WhiteFideId "2219026"]
[BlackFideId "14602296"]
[EventDate "2022.12.16"]

1. e4 c5 2. Nf3 Nc6 3. d4 cxd4 4. Nxd4 e5 5. Nb5 d6 6. c4 Be6 7. N5c3 Nf6 8. Bd3
g6 9. O-O Bg7 10. Na3 O-O 11. Nc2 Rc8 12. h3 a6 13. Nd5 Nd7 14. Be3 Nc5 15. b4
Nxd3 16. Qxd3 f5 17. f3 Kh8 18. Rfd1 Qe8 19. Bb6 Qf7 20. b5 Nb8 21. Ncb4 Nd7 22.
Be3 Nc5 23. Bxc5 dxc5 24. Nc2 axb5 25. cxb5 fxe4 26. fxe4 Qf2+ 27. Kh1 Bxd5 28.
exd5 e4 29. Qd2 Qxd2 30. Rxd2 Bxa1 31. Ne3 Bd4 32. Nc4 Rf1+ 33. Kh2 e3 34. Re2
Rf2 35. Re1 Rxa2 36. d6 Rd8 37. Kg3 Rc2 38. Nxe3 Bxe3 0-1

[Event "European Blitz 2022"]
[Site "Katowice POL"]
[Date "2022.12.16"]
[Round "13.28"]
[White "Stefansson, Hannes"]
[Black "Drazic, Sinisa"]
[Result "1-0"]
[WhiteTitle "GM"]
[BlackTitle "GM"]
[WhiteElo "2526"]
[BlackElo "2372"]
[WhiteFideId "2300087"]
[BlackFideId "901172"]
[EventDate "2022.12.16"]

1. e4 e6 2. d4 d5 3. Nc3 h6 4. Bd3 Nc6 5. Nf3 Nb4 6. Be2 c5 7. a3 Nc6 8. exd5
exd5 9. O-O Nf6 10. Re1 Be6 11. Bb5 Qb6 12. Ne5 cxd4 13. Bxc6+ bxc6 14. Na4 Qc7
15. Qxd4 Bd6 16. Nc5 O-O 17. b4 Bxc5 18. bxc5 Rfe8 19. Bf4 Qc8 20. Nd3 Nd7 21.
Rab1 Bf5 22. h3 Nf8 23. Bd6 Rxe1+ 24. Rxe1 Ne6 25. Qb4 Bxd3 26. cxd3 Qa6 27. Re3
Re8 28. Rg3 Qc8 29. Qd2 Kh7 30. d4 Nf8 31. h4 Re6 32. Qd3+ Kg8 33. h5 Nh7 34.
Be5 f6 35. Bf4 Ng5 36. Be3 Qe8 37. Qg6 Qxg6 38. hxg6 Ne4 39. Rf3 Re7 40. Bf4 Rb7
41. Bd6 a5 42. Re3 Rd7 43. f3 Nxd6 44. cxd6 Kf8 45. Re6 Rd8 46. Kf2 a4 47. Ke2
Re8 48. Re3 Rd8 49. Kd3 Rxd6 50. Kc3 f5 51. Kb4 Rxg6 52. Re2 h5 53. Kxa4 h4 54.
Kb4 h3 55. gxh3 Rg3 56. a4 Rxf3 57. a5 Rd3 58. a6 Rxd4+ 59. Ka5 Rd1 60. Ra2 Re1
61. a7 Re8 62. Kb6 Kf7 63. a8=Q Rxa8 64. Rxa8 Kg6 65. Kxc6 Kg5 66. Kxd5 1-0

[Event "European Blitz 2022"]
[Site "Katowice POL"]
[Date "2022.12.16"]
[Round "13.29"]
[White "Martinez Pla, Xavier"]
[Black "Szpar, Milosz"]
[Result "0-1"]
[WhiteTitle "FM"]
[BlackTitle "IM"]
[WhiteElo "2277"]
[BlackElo "2428"]
[WhiteFideId "32074271"]
[BlackFideId "1184989"]
[EventDate "2022.12.16"]

1. e4 c5 2. Nf3 d6 3. d4 Nf6 4. Nc3 cxd4 5. Nxd4 Nc6 6. f3 e5 7. Nb3 Be6 8. Be3
d5 9. exd5 Nxd5 10. Nxd5 Qxd5 11. Qxd5 Bxd5 12. O-O-O O-O-O 13. Bb5 a6 14. Bd3
Kc7 15. c3 Be7 16. Kc2 g6 17. Rhe1 f5 18. Be2 g5 19. Nc5 h5 20. Rd2 f4 21. Bf2
Bxc5 22. Bxc5 e4 23. c4 Bf7 24. Rxd8 Rxd8 25. fxe4 Ne5 26. b3 Bg6 27. Bf1 g4 28.
Be7 Re8 29. Bf6 Nd7 30. Bg5 Rf8 31. Bd3 Ne5 32. Be7 Rf7 33. Bc5 f3 34. gxf3 Rxf3
35. Re3 Nxd3 36. Kxd3 Rf2 37. Bd4 Kd6 38. Re2 Rf3+ 39. Re3 Rf2 40. Re2 Bxe4+ 41.
Ke3 Rxe2+ 42. Kxe2 Bb1 43. a3 Ba2 44. b4 Bxc4+ 45. Ke3 Kd5 46. Bf6 Bb5 47. Kf4
Kc4 48. Kg5 Be8 49. Bd8 Kb3 50. Ba5 Kxa3 51. Kh4 Ka4 52. h3 Bd7 53. hxg4 hxg4
54. Kg3 Kb5 0-1

[Event "European Blitz 2022"]
[Site "Katowice POL"]
[Date "2022.12.16"]
[Round "13.30"]
[White "Samunenkov, Ihor"]
[Black "Orzech, Dominik"]
[Result "1-0"]
[WhiteTitle "IM"]
[BlackTitle "IM"]
[WhiteElo "2488"]
[BlackElo "2313"]
[WhiteFideId "14187086"]
[BlackFideId "1115065"]
[EventDate "2022.12.16"]

1. d4 d5 2. Nc3 Bf5 3. Bf4 e6 4. e3 Nf6 5. Bd3 Bg6 6. Nf3 Nbd7 7. O-O a6 8. Ne2
c5 9. c4 Bxd3 10. Qxd3 dxc4 11. Qxc4 Rc8 12. Rac1 Be7 13. dxc5 Rxc5 14. Qb3 b5
15. Rfd1 Qb6 16. Rxc5 Nxc5 17. Qc2 Nd5 18. Be5 O-O 19. Nf4 Nb4 20. Qb1 Rd8 21.
Bd4 Nc6 22. Bc3 b4 23. Be1 a5 24. h3 g6 25. Qc2 Rxd1 26. Qxd1 Qb5 27. Nd4 Qa6
28. g3 Ne5 29. Qc2 Ned3 30. Nxd3 Nxd3 31. Bd2 Bf6 32. b3 Ne5 33. Qe4 Qc8 34. Kg2
h5 35. h4 Kg7 36. Nf3 Ng4 37. Nd4 Qa6 38. Qf3 Qd3 39. Qe2 Qb1 40. Be1 Qe4+ 41.
Qf3 Qd3 42. Qe2 Qb1 43. Nf3 Qe4 44. Qc4 Qb1 45. Qe2 Bb2 46. Nd2 Qc2 47. Qc4 Qf5
48. Qe4 Qf6 49. Nc4 Bc3 50. Qb1 Bxe1 51. Qxe1 Qf5 52. Qe2 Qd5+ 53. f3 Nf6 54. e4
Qc5 55. Qf2 Qb5 56. Qd4 a4 57. Kh3 axb3 58. axb3 Qa6 59. g4 hxg4+ 60. fxg4 Qa2
61. g5 Qxb3+ 62. Ne3 e5 63. gxf6+ Kxf6 64. Qb6+ Kg7 65. h5 gxh5 66. Kh4 Qd3 67.
Nf5+ Kg8 68. Qb8+ Kh7 69. Qxe5 Qd8+ 70. Kxh5 Qg8 71. Qf4 Qg6+ 72. Kh4 b3 73. Qe5
f6 74. Qc7+ Kh8 75. Qb8+ Kh7 76. Qb7+ Kh8 77. Qxb3 Qg5+ 78. Kh3 Qf4 79. Qd3 Kg8
80. Qd8+ Kh7 81. Qe7+ Kg6 82. Qg7+ Kh5 83. Ng3+ Qxg3+ 84. Kxg3 1-0

[Event "European Blitz 2022"]
[Site "Katowice POL"]
[Date "2022.12.16"]
[Round "13.31"]
[White "Gvetadze, Sofio"]
[Black "Nasuta, Grzegorz"]
[Result "0-1"]
[WhiteTitle "IM"]
[BlackTitle "GM"]
[WhiteElo "2298"]
[BlackElo "2546"]
[WhiteFideId "13601440"]
[BlackFideId "1141686"]
[EventDate "2022.12.16"]

1. Nf3 d5 2. g3 Bg4 3. Bg2 e6 4. O-O Nf6 5. d3 Be7 6. Nbd2 O-O 7. c3 c5 8. Qc2
Nc6 9. e4 Rc8 10. Re1 Bh5 11. Nf1 h6 12. Bf4 Bg6 13. e5 Nd7 14. Qe2 b5 15. Rad1
b4 16. h4 Qa5 17. c4 Nb6 18. b3 Qa6 19. N1h2 Rfd8 20. Rd2 Qb7 21. Qe3 a5 22.
Red1 a4 23. g4 h5 24. Bg5 Na5 25. Bxe7 Qxe7 26. bxa4 Nxa4 27. cxd5 Rxd5 28. Ng5
Rdd8 29. Ne4 Qxh4 30. Nd6 Nc3 31. Re1 hxg4 32. Nxc8 Rxc8 33. Qg3 Qg5 34. Re3 Nd5
35. Ree2 Nf4 36. Re3 Rd8 37. Nxg4 Nxd3 38. Bf3 Nc4 39. Rdxd3 Bxd3 40. Kg2 Nxe3+
41. fxe3 0-1

[Event "European Blitz 2022"]
[Site "Katowice POL"]
[Date "2022.12.16"]
[Round "13.32"]
[White "Manik, Mikulas"]
[Black "Brilej, Jaka"]
[Result "1-0"]
[WhiteTitle "GM"]
[BlackTitle "FM"]
[WhiteElo "2359"]
[BlackElo "2336"]
[WhiteFideId "14900734"]
[BlackFideId "14618818"]
[EventDate "2022.12.16"]

1. e4 c6 2. Nf3 d5 3. d3 dxe4 4. dxe4 Qxd1+ 5. Kxd1 Nf6 6. Nfd2 h5 7. h4 Be6 8.
f3 Nbd7 9. Nb3 O-O-O 10. Ke1 Nb6 11. Be3 Nfd7 12. N1d2 f6 13. a4 a6 14. a5 Na8
15. Nc4 Nc7 16. Nb6+ Nxb6 17. axb6 Nb5 18. Nc5 Bf7 19. g3 e6 20. c3 Bxc5 21.
Bxc5 Rd7 22. Rd1 Rhd8 23. Rxd7 Kxd7 24. Rg1 e5 25. g4 hxg4 26. Rxg4 g6 27. Rg3
Ke8 28. Rg1 Nd6 29. h5 gxh5 30. Rg7 Ke7 31. Bc4 Ke8 32. Bxd6 Bxc4 33. Re7+ Kf8
34. Bb4 h4 35. Rxb7+ Kg8 36. Re7 h3 37. Kf2 h2 38. Kg2 Rd2+ 39. Kh1 Be2 40. Kxh2
Bxf3+ 41. Kg3 Bxe4 42. b7 Rg2+ 43. Kh3 1-0

[Event "European Blitz 2022"]
[Site "Katowice POL"]
[Date "2022.12.16"]
[Round "13.33"]
[White "Adamczewski, Jedrzej"]
[Black "Paehtz, Thomas"]
[Result "0-1"]
[BlackTitle "GM"]
[WhiteElo "1938"]
[BlackElo "2339"]
[WhiteFideId "1135414"]
[BlackFideId "4611349"]
[EventDate "2022.12.16"]

1. e4 g6 2. d4 Bg7 3. Nc3 d6 4. Nf3 a6 5. h4 h6 6. h5 g5 7. a4 Nc6 8. Be3 Nf6 9.
d5 Nb4 10. a5 e6 11. dxe6 Bxe6 12. Nd4 Qe7 13. f3 d5 14. Nxe6 Qxe6 15. Qd4 Nc6
16. Qd3 d4 17. Bxd4 O-O-O 18. Bxf6 Bxf6 19. Qe3 Bd4 20. Qe2 Qe5 21. Ra3 Qg3+ 22.
Kd2 Bxc3+ 23. Kxc3 Qe5+ 24. Kb3 Nd4+ 25. Ka2 Nxe2 26. Bxe2 Rd2 27. Bd3 Rxg2 28.
Rc3 Rd8 29. Rf1 Qxa5+ 30. Kb1 Qe5 31. Rd1 Rf2 0-1

[Event "European Blitz 2022"]
[Site "Katowice POL"]
[Date "2022.12.16"]
[Round "13.34"]
[White "Haydon, David L"]
[Black "Saric, Ante"]
[Result "1/2-1/2"]
[WhiteTitle "FM"]
[BlackTitle "GM"]
[WhiteElo "2289"]
[BlackElo "2504"]
[WhiteFideId "415405"]
[BlackFideId "14506254"]
[EventDate "2022.12.16"]

1. Nf3 Nf6 2. c4 e6 3. Nc3 d5 4. cxd5 exd5 5. d4 c6 6. Qc2 g6 7. Bg5 Be7 8. e3
Bf5 9. Bd3 Bxd3 10. Qxd3 Nbd7 11. O-O O-O 12. Rfe1 Re8 13. Re2 Ne4 14. Bxe7 Qxe7
15. Qc2 Ndf6 16. Rc1 Kg7 17. Nd2 Nxd2 18. Qxd2 Nd7 19. e4 dxe4 20. Rxe4 Qd6 21.
Rce1 Rxe4 22. Nxe4 Qd5 23. Nc3 Qd6 24. Ne4 Qd5 25. Nc3 Qf5 26. d5 cxd5 27. Nxd5
Rd8 28. Qa5 b6 29. Qc3+ Nf6 30. Ne3 Qd3 31. Qe5 Qd4 32. Qxd4 Rxd4 33. Rd1 Rxd1+
34. Nxd1 Nd5 35. Kf1 Kf6 36. Ke2 Ke5 37. Ne3 Nf4+ 38. Kd2 Kd4 39. Nc2+ Ke5 40.
g3 Ne6 41. Kd3 g5 42. Nb4 a5 43. Nc2 g4 44. Ne3 Nc5+ 45. Ke2 Na4 46. Nxg4+ Ke6
47. Kd3 Nxb2+ 48. Kd4 Nd1 49. f4 f5 50. Ne5 Nf2 51. Nc4 Ng4 52. h3 Nf2 53. Nxb6
Nxh3 54. Nc4 a4 55. Nb6 a3 56. Nc4 Nf2 57. Nxa3 Nh1 58. Nc4 Nxg3 59. a4 Ne2+ 60.
Ke3 Nc3 61. a5 Nd5+ 1/2-1/2

[Event "European Blitz 2022"]
[Site "Katowice POL"]
[Date "2022.12.16"]
[Round "13.35"]
[White "Fus, Jakub"]
[Black "Tazbir, Marcin"]
[Result "0-1"]
[WhiteTitle "FM"]
[BlackTitle "GM"]
[WhiteElo "2405"]
[BlackElo "2508"]
[WhiteFideId "1193023"]
[BlackFideId "1122452"]
[EventDate "2022.12.16"]

1. Nf3 c5 2. c4 g6 3. e4 Bg7 4. d4 Nc6 5. d5 Nd4 6. Nxd4 cxd4 7. Bd3 d6 8. O-O
Nf6 9. Nd2 O-O 10. b3 e5 11. Ba3 b6 12. b4 a5 13. bxa5 Rxa5 14. Bb4 Ra8 15. a4
Qe7 16. Nb3 Nd7 17. a5 Rb8 18. axb6 Rxb6 19. Na5 Bb7 20. Qa4 f5 21. Rab1 fxe4
22. Bxe4 Nf6 23. Bc2 Rb8 24. Ba3 Ba8 25. Rxb6 Rxb6 26. Rb1 Rxb1+ 27. Bxb1 e4 28.
Nb3 e3 29. Qxa8+ Bf8 30. Nc1 exf2+ 31. Kxf2 Qe3+ 32. Kf1 Ng4 33. Nd3 Nxh2# 0-1

[Event "European Blitz 2022"]
[Site "Katowice POL"]
[Date "2022.12.16"]
[Round "13.36"]
[White "Fridman, Daniel"]
[Black "Voege, Tobias"]
[Result "1-0"]
[WhiteTitle "GM"]
[BlackTitle "FM"]
[WhiteElo "2602"]
[BlackElo "2300"]
[WhiteFideId "11600454"]
[BlackFideId "1270513"]
[EventDate "2022.12.16"]

1. Nf3 c5 2. c4 g6 3. e4 Bg7 4. d4 cxd4 5. Nxd4 Nc6 6. Be3 Nf6 7. Nc3 O-O 8. Be2
d6 9. O-O Nxd4 10. Bxd4 a5 11. Qd2 Bd7 12. f3 Bc6 13. b3 Nd7 14. Be3 Nc5 15.
Rac1 Qb6 16. Nb5 Rfc8 17. Rfd1 Qd8 18. Bf1 h5 19. g3 Qf8 20. Nd4 Kh7 21. Bg2 Bh6
22. Nxc6 Bxe3+ 23. Qxe3 Rxc6 24. e5 dxe5 25. Qxe5 Rac8 26. f4 Re6 27. Qd4 Re2
28. Rd2 Rxd2 29. Qxd2 b6 30. Rd1 Qg7 31. Bf3 e5 32. Qd6 exf4 33. Qxf4 Re8 34.
Kg2 Qb2+ 35. Rd2 Qg7 36. Rd6 Re6 37. Rd8 Rf6 38. Qd2 Re6 39. Bd5 Re7 40. Rd6 Qe5
41. Rxb6 Ne4 42. Qe2 Qc7 43. Rb7 Nf6 44. Qxe7 1-0

[Event "European Blitz 2022"]
[Site "Katowice POL"]
[Date "2022.12.16"]
[Round "13.37"]
[White "Azarov, Sergei"]
[Black "Kacprzak, Kacper"]
[Result "1-0"]
[WhiteTitle "GM"]
[WhiteElo "2562"]
[BlackElo "2289"]
[WhiteFideId "13501470"]
[BlackFideId "21819319"]
[EventDate "2022.12.16"]

1. e4 c5 2. Nf3 d6 3. d4 cxd4 4. Nxd4 Nf6 5. Nc3 a6 6. Bg5 e6 7. f4 h6 8. Bh4
Qb6 9. Qd2 Qxb2 10. Rb1 Qa3 11. Bxf6 gxf6 12. Be2 Nc6 13. Nxc6 bxc6 14. O-O Qc5+
15. Kh1 h5 16. Na4 Qa7 17. Qc3 Bd7 18. Nb6 Rb8 19. Nxd7 Kxd7 20. Qxf6 Rh7 21.
Qc3 h4 22. Bg4 Rb5 23. f5 e5 24. f6+ Kc7 25. a4 Rxb1 26. Rxb1 Rh6 27. Qa5+ 1-0

[Event "European Blitz 2022"]
[Site "Katowice POL"]
[Date "2022.12.16"]
[Round "13.38"]
[White "Madan, Augustin"]
[Black "Blohberger, Felix"]
[Result "1/2-1/2"]
[WhiteTitle "IM"]
[BlackTitle "GM"]
[WhiteElo "2292"]
[BlackElo "2490"]
[WhiteFideId "1210327"]
[BlackFideId "1632051"]
[EventDate "2022.12.16"]

1. d4 Nf6 2. c4 e6 3. Nf3 Bb4+ 4. Bd2 Bxd2+ 5. Nbxd2 d5 6. e3 O-O 7. Bd3 Qe7 8.
O-O Rd8 9. Qc2 dxc4 10. Nxc4 c5 11. dxc5 Qxc5 12. Rfd1 Nc6 13. a3 Qe7 14. b4 a6
15. Nce5 Bd7 16. Nxd7 Rxd7 17. Be2 Rxd1+ 18. Rxd1 g6 19. h4 e5 20. e4 Kg7 21.
Bc4 Rd8 22. Bd5 Rd6 23. Bxc6 Rxc6 24. Qd3 Rc7 25. Qe3 h6 26. g3 Ng4 27. Qb3 Rd7
28. Rxd7 Qxd7 29. Nh2 Nxh2 30. Kxh2 Qd4 31. Qf3 b6 32. h5 g5 33. Kg2 a5 34. bxa5
bxa5 35. g4 a4 36. Qe3 Kf6 37. Qf3+ Ke7 38. Kf1 Qc4+ 39. Kg2 Qb3 40. Qf5 Qc3 41.
Qf3 Qxf3+ 42. Kxf3 Kd6 43. Ke3 Kc5 44. Kd3 Kb5 45. Kc3 Kc5 46. Kd3 1/2-1/2

[Event "European Blitz 2022"]
[Site "Katowice POL"]
[Date "2022.12.16"]
[Round "13.39"]
[White "Molenda, Marcin"]
[Black "Hjartarson, Johann"]
[Result "1-0"]
[WhiteTitle "FM"]
[BlackTitle "GM"]
[WhiteElo "2381"]
[BlackElo "2476"]
[WhiteFideId "1173065"]
[BlackFideId "2300044"]
[EventDate "2022.12.16"]

1. e4 g6 2. d4 Bg7 3. Nc3 d6 4. Be3 a6 5. Qd2 b5 6. a3 Nf6 7. f3 Nbd7 8. h4 h6
9. g4 Nb6 10. O-O-O h5 11. g5 Nfd7 12. f4 Bb7 13. f5 gxf5 14. Bg2 Nc4 15. Qf2
Nxe3 16. Qxe3 c5 17. Nge2 b4 18. axb4 cxb4 19. Nd5 Bxd5 20. exd5 Nb6 21. g6 fxg6
22. Qe6 Bf6 23. Nf4 Qd7 24. Nxg6 Qxe6 25. dxe6 Rg8 26. Bxa8 Nxa8 27. Nf4 Rg4 28.
Nxh5 Bxh4 29. Rdg1 Bg5+ 30. Kb1 Nc7 31. Ng7+ Kf8 32. Nxf5 Rxg1+ 33. Rxg1 Bf6 34.
Re1 a5 35. c3 b3 36. c4 a4 37. d5 Na6 38. Ng3 Nb4 39. Ne4 Bd4 40. Rd1 Nc2 41.
Rd3 Kg7 42. Nc3 a3 43. bxa3 Nxa3+ 44. Kb2 Nxc4+ 45. Kxb3 Bxc3 46. Kxc4 Bf6 47.
Rg3+ Kf8 48. Kb5 Bh4 49. Rg4 Bf6 50. Kc6 Be5 51. Kd7 Bf6 52. Rg2 1-0

[Event "European Blitz 2022"]
[Site "Katowice POL"]
[Date "2022.12.16"]
[Round "13.40"]
[White "Bartel, Michal"]
[Black "Gavrilescu, David"]
[Result "0-1"]
[WhiteTitle "FM"]
[BlackTitle "IM"]
[WhiteElo "2250"]
[BlackElo "2522"]
[WhiteFideId "1119257"]
[BlackFideId "1227190"]
[EventDate "2022.12.16"]

1. e4 c5 2. Ne2 e6 3. g3 Nc6 4. Bg2 g6 5. c3 Nge7 6. d4 cxd4 7. cxd4 d5 8. e5
Nf5 9. Nbc3 Bg7 10. O-O O-O 11. Be3 f6 12. exf6 Qxf6 13. Qd2 Nfxd4 14. Nf4 Bd7
15. Rad1 Kh8 16. Rfe1 Rae8 17. Kh1 Nf5 18. Bc5 Rf7 19. Nb5 b6 20. Ba3 Ne5 21.
Nd6 Nxd6 22. Bxd6 Nc4 23. Qb4 a5 24. Qb3 Nxd6 25. Qxb6 Nc4 26. Qc5 Bf8 27. Qa7
Bb5 28. Qd4 Qxd4 29. Rxd4 e5 30. Rxd5 exf4 31. Rxe8 Bxe8 32. Rd8 Re7 33. Bd5
Nxb2 34. gxf4 Nd3 35. Ra8 Nxf4 36. h4 Nxd5 37. Rxa5 Bc6 38. Kh2 Re2 39. Kg3 Bd6+
40. Kg4 Rxf2 41. Ra6 Bd7+ 42. Kg5 Bf4# 0-1

[Event "European Blitz 2022"]
[Site "Katowice POL"]
[Date "2022.12.16"]
[Round "13.41"]
[White "Costachi, Mihnea"]
[Black "Kulon, Klaudia"]
[Result "1-0"]
[WhiteTitle "IM"]
[BlackTitle "IM"]
[WhiteElo "2476"]
[BlackElo "2274"]
[WhiteFideId "1217518"]
[BlackFideId "1131044"]
[EventDate "2022.12.16"]

1. d4 Nf6 2. Nf3 g6 3. g3 Bg7 4. Bg2 O-O 5. O-O d6 6. b3 e5 7. dxe5 dxe5 8. Ba3
Re8 9. Qc1 e4 10. Rd1 Nbd7 11. Nd4 a6 12. e3 c5 13. Ne2 Qc7 14. Nbc3 Ne5 15. Nf4
Bg4 16. Ncd5 Nxd5 17. Nxd5 Qc6 18. Rd2 Rad8 19. Ne7+ Rxe7 20. Rxd8+ Bf8 21. h3
Bf3 22. Bb2 Bxg2 23. Kxg2 Nd7 24. Qd2 Qc7 25. Qc3 f6 26. Ra8 b5 27. Rd1 Qc6 28.
Rd8 Kf7 29. R1xd7 Rxd7 30. Rxd7+ Qxd7 31. Qxf6+ Ke8 32. Qxa6 b4 33. Qa8+ Kf7 34.
Qxe4 Qd2 35. a3 bxa3 36. Bxa3 Qa5 37. Bb2 Be7 38. Qd5+ Ke8 39. Qg8+ Kd7 40. Qd5+
Ke8 41. Qe4 Kd7 42. h4 Qd2 43. Qd3+ Qxd3 44. cxd3 Ke6 45. Kf3 Kd5 46. e4+ Ke6
47. Ke3 Bd8 48. f4 Bb6 49. Kf3 Bc7 50. g4 Bb6 51. f5+ gxf5 52. gxf5+ Kd6 53. Kg4
Bd8 54. f6 Ke6 55. Kg5 1-0

[Event "European Blitz 2022"]
[Site "Katowice POL"]
[Date "2022.12.16"]
[Round "13.42"]
[White "Hesse, Henrik"]
[Black "Klenburg, Michael"]
[Result "0-1"]
[BlackTitle "IM"]
[WhiteElo "2160"]
[BlackElo "2347"]
[WhiteFideId "12952060"]
[BlackFideId "14102072"]
[EventDate "2022.12.16"]

1. c4 e5 2. g3 d6 3. Bg2 g6 4. Nc3 Bg7 5. e3 Nf6 6. Nge2 O-O 7. O-O Re8 8. d3 c6
9. Rb1 a5 10. a3 Nbd7 11. b4 axb4 12. axb4 Nf8 13. b5 c5 14. Bb2 Qc7 15. Ra1 Bf5
16. Qc2 Qd7 17. Na4 Qc7 18. b6 Qd7 19. Nac3 Bh3 20. Qb3 Bxg2 21. Kxg2 Qc6+ 22.
Nd5 N8d7 23. Nc3 Nxd5 24. Nxd5 Nf6 25. e4 Nxd5 26. cxd5 Qd7 27. Bc3 f5 28. Rxa8
Rxa8 29. f4 exf4 30. Bxg7 Qxg7 31. gxf4 fxe4 32. dxe4 Qd4 33. Qf3 Ra2+ 34. Kh1
c4 35. f5 Qe5 36. Qg3 Qxe4+ 37. Qf3 Qe5 38. Qf4 Qxf4 39. Rxf4 c3 40. f6 c2 41.
f7+ Kf8 42. Rf1 Rb2 43. Kg2 c1=Q+ 0-1

[Event "European Blitz 2022"]
[Site "Katowice POL"]
[Date "2022.12.16"]
[Round "13.43"]
[White "Suder, Jakub"]
[Black "Plichta, Kamil"]
[Result "0-1"]
[WhiteTitle "FM"]
[BlackTitle "FM"]
[WhiteElo "2244"]
[BlackElo "2394"]
[WhiteFideId "1195310"]
[BlackFideId "1141830"]
[EventDate "2022.12.16"]

1. d4 g6 2. c4 Bg7 3. Nc3 c5 4. d5 d6 5. e4 Bxc3+ 6. bxc3 e5 7. Bd3 Nd7 8. Ne2
Qe7 9. Bc2 Kd8 10. a4 a5 11. Rb1 Kc7 12. O-O Nb6 13. f4 f6 14. fxe5 fxe5 15. Be3
Nxc4 16. Bf2 Na3 17. Rb2 Nxc2 18. Qxc2 b6 19. c4 Bd7 20. Nc3 h6 21. Qb3 Rb8 22.
Nb5+ Bxb5 23. Qxb5 Qd7 24. Qa6 Qc8 25. Qb5 Qd7 26. Qa6 Qc8 27. Qb5 Qd7 28. Qa6
Ne7 29. Rfb1 Nc8 30. Be1 Qxa4 31. Bxa5 Kd7 32. Qb5+ Qxb5 33. Rxb5 Kc7 34. Bd2
Ra8 35. R5b3 Ra4 36. Rf1 Rh7 37. Rf8 Kb7 38. Rc3 g5 39. Kf2 Ra2 40. Ke2 Ne7 41.
Rcf3 Ng6 42. g3 Nxf8 43. Rxf8 Ra4 44. Kd3 Ka6 45. Ra8+ Ra7 46. Rd8 Ra3+ 47. Ke2
Ra4 48. Kd3 Rf7 49. Ra8+ Ra7 0-1

[Event "European Blitz 2022"]
[Site "Katowice POL"]
[Date "2022.12.16"]
[Round "13.45"]
[White "Trushko, Andrii"]
[Black "Kuzmicz, Krystian"]
[Result "1-0"]
[BlackTitle "IM"]
[WhiteElo "2006"]
[BlackElo "2466"]
[WhiteFideId "14172887"]
[BlackFideId "1119125"]
[EventDate "2022.12.16"]

1. d4 g6 2. e4 Bg7 3. c4 c5 4. d5 d6 5. Bd3 e6 6. Ne2 Ne7 7. Nbc3 O-O 8. f3 a6
9. a4 exd5 10. exd5 Nd7 11. O-O Ne5 12. Bg5 h6 13. Bf4 Bf5 14. Bxe5 Bxe5 15. g4
Bxd3 16. Qxd3 f5 17. Kg2 Qd7 18. h3 Rae8 19. Rae1 Kg7 20. Ng3 f4 21. Nge4 g5 22.
Nxc5 dxc5 23. Rxe5 Nc8 24. Rfe1 Rxe5 25. Rxe5 Re8 26. Rxe8 Qxe8 27. Ne4 Qe5 28.
Qb3 b6 29. a5 b5 30. cxb5 axb5 31. Qxb5 Qxd5 32. Qxc5 Qd7 33. Qe5+ Kf7 34. Qf6+
Ke8 35. Qh8+ Ke7 36. Qg7+ Kd8 37. Qxd7+ Kxd7 38. b4 Kc6 39. Nc3 Nd6 40. Kf2 Nc4
41. Ke2 Ne3 42. Kd3 Ng2 43. a6 Kb6 44. b5 Ne1+ 45. Ke4 Nc2 46. Nd5+ Ka7 47. Ne7
Na3 48. Nc6+ Kb6 49. Nd4 Nc4 50. Kf5 Kc5 51. a7 Nb6 52. Ne6+ Kxb5 53. Nc7+ Kc4
54. a8=Q Nxa8 55. Nxa8 Kd3 56. h4 Ke3 57. hxg5 hxg5 58. Nb6 Kxf3 59. Nc4 Kg3 60.
Ne5 1-0

[Event "European Blitz 2022"]
[Site "Katowice POL"]
[Date "2022.12.16"]
[Round "13.46"]
[White "Zawadzka, Jolanta"]
[Black "Karolczuk, Iwo"]
[Result "0-1"]
[WhiteTitle "WGM"]
[BlackTitle "FM"]
[WhiteElo "2386"]
[BlackElo "2327"]
[WhiteFideId "1122320"]
[BlackFideId "21816972"]
[EventDate "2022.12.16"]

1. e4 c5 2. Nf3 d6 3. Bb5+ Nd7 4. Ba4 Nf6 5. O-O a6 6. c4 g6 7. Nc3 Bg7 8. d4
cxd4 9. Nxd4 O-O 10. Be3 Qc7 11. Rc1 Ne5 12. Nd5 Qd8 13. f3 Bd7 14. Bxd7 Nfxd7
15. b3 Rc8 16. a4 e6 17. Nc3 Qe7 18. f4 Nc6 19. Nxc6 Rxc6 20. Bd4 e5 21. Nd5 Qd8
22. Ba1 exf4 23. Bxg7 Kxg7 24. Rxf4 Ne5 25. Kh1 Qg5 26. h4 Qd8 27. Qd2 Qd7 28.
Nf6 Qe6 29. h5 h6 30. Rcf1 g5 31. Rf5 Rfc8 32. Nd5 b5 33. axb5 axb5 34. Qf2 bxc4
35. Rf6 Qd7 36. bxc4 Rxc4 37. Nb6 Qe7 38. Nxc8 Rxc8 39. Qd4 Rd8 40. R6f5 Kg8 41.
Qd5 Rd7 42. Rb1 Kg7 43. Rb8 Ng4 44. Qd4+ Ne5 45. Rf1 Rc7 46. Ra1 g4 47. Qf2 Qg5
48. g3 Qxh5+ 49. Kg1 Nf3+ 50. Kf1 Qh1+ 51. Ke2 Qxa1 0-1